<?xml version="1.0" encoding="UTF-8"?>
<record
    xmlns:xsi="http://www.w3.org/2001/XMLSchema-instance"
    xsi:schemaLocation="http://www.loc.gov/MARC21/slim http://www.loc.gov/standards/marcxml/schema/MARC21slim.xsd"
    xmlns="http://www.loc.gov/MARC21/slim">

  <leader>01172nam0a22002891  4500</leader>
  <controlfield tag="001">v19\rc\1749850</controlfield>
  <controlfield tag="005">20260405132624.0</controlfield>
  <datafield tag="035" ind1=" " ind2=" ">
    <subfield code="a">(NLR Aleph) 005248732</subfield>
  </datafield>
  <datafield tag="090" ind1=" " ind2=" ">
    <subfield code="a">5781420</subfield>
    <subfield code="c">5781420</subfield>
  </datafield>
  <datafield tag="100" ind1=" " ind2=" ">
    <subfield code="a">20061204d1902    |||y0rusy50      ca</subfield>
  </datafield>
  <datafield tag="101" ind1="1" ind2=" ">
    <subfield code="a">rus</subfield>
    <subfield code="c">fre</subfield>
  </datafield>
  <datafield tag="102" ind1=" " ind2=" ">
    <subfield code="a">RU</subfield>
  </datafield>
  <datafield tag="105" ind1=" " ind2=" ">
    <subfield code="a">y   z   |||a|</subfield>
  </datafield>
  <datafield tag="200" ind1="1" ind2=" ">
    <subfield code="a">&#x421;&#x43C;&#x435;&#x440;&#x442;&#x44C; &#x438; &#x436;&#x438;&#x437;&#x43D;&#x44C;. "&#x41C;&#x443;&#x447;&#x435;&#x43D;&#x438;&#x446;&#x430;"</subfield>
    <subfield code="d">(La martyre)</subfield>
    <subfield code="e">&#x414;&#x440;&#x430;&#x43C;&#x430; &#x432; 5 &#x434;., &#x432; &#x441;&#x442;&#x438;&#x445;&#x430;&#x445;</subfield>
    <subfield code="e">&#x418;&#x437; &#x432;&#x440;&#x435;&#x43C;&#x435;&#x43D; &#x43F;&#x435;&#x440;&#x432;&#x44B;&#x445; &#x433;&#x43E;&#x43D;&#x435;&#x43D;&#x438;&#x439; &#x43D;&#x430; &#x445;&#x440;&#x438;&#x441;&#x442;&#x438;&#x430;&#x43D; &#x432; &#x420;&#x438;&#x43C;&#x435;</subfield>
    <subfield code="f">&#x421;&#x43E;&#x447;. &#x416;. &#x420;&#x438;&#x448;&#x43F;&#x435;&#x43D;&#x430; (Jean Richepin)</subfield>
    <subfield code="g">&#x41F;&#x435;&#x440;. &#x441; &#x444;&#x440;. &#x432; &#x441;&#x442;&#x438;&#x445;&#x430;&#x445; &#x41D;.&#x41D;. &#x422;&#x430;&#x43C;&#x430;&#x440;&#x438;&#x43D;&#x430;</subfield>
    <subfield code="z">fre</subfield>
  </datafield>
  <datafield tag="210" ind1=" " ind2=" ">
    <subfield code="a">&#x421;&#x430;&#x43D;&#x43A;&#x442;-&#x41F;&#x435;&#x442;&#x435;&#x440;&#x431;&#x443;&#x440;&#x433;</subfield>
    <subfield code="c">&#x436;&#x443;&#x440;&#x43D;. "&#x422;&#x435;&#x430;&#x442;&#x440; &#x438; &#x438;&#x441;&#x43A;&#x443;&#x441;&#x441;&#x442;&#x432;&#x43E;"</subfield>
    <subfield code="d">1902</subfield>
  </datafield>
  <datafield tag="215" ind1=" " ind2=" ">
    <subfield code="a">46 &#x441;.</subfield>
    <subfield code="d">23</subfield>
  </datafield>
  <datafield tag="309" ind1=" " ind2=" ">
    <subfield code="a">&#x411;&#x435;&#x437; &#x442;&#x438;&#x442;. &#x43B;.</subfield>
  </datafield>
  <datafield tag="510" ind1="0" ind2=" ">
    <subfield code="a">(La martyre)</subfield>
    <subfield code="z">fre</subfield>
  </datafield>
  <datafield tag="700" ind1=" " ind2="1">
    <subfield code="8">rus</subfield>
    <subfield code="7">ca</subfield>
    <subfield code="a">&#x420;&#x438;&#x448;&#x43F;&#x435;&#x43D;</subfield>
    <subfield code="b">&#x416;.</subfield>
    <subfield code="f">1849-1926</subfield>
    <subfield code="g">&#x416;&#x430;&#x43D;</subfield>
    <subfield code="3">RU\NLR\AUTH\7753429</subfield>
    <subfield code="9">36361</subfield>
  </datafield>
  <datafield tag="702" ind1=" " ind2="1">
    <subfield code="a">&#x422;&#x430;&#x43C;&#x430;&#x440;&#x438;&#x43D;</subfield>
    <subfield code="b">&#x41D;. &#x41D;.</subfield>
    <subfield code="f">1866-</subfield>
    <subfield code="4">730</subfield>
  </datafield>
  <datafield tag="801" ind1=" " ind2="0">
    <subfield code="a">RU</subfield>
    <subfield code="b">NLR</subfield>
    <subfield code="c">20061204</subfield>
    <subfield code="g">psbo</subfield>
  </datafield>
  <datafield tag="801" ind1=" " ind2="0">
    <subfield code="a">RU</subfield>
    <subfield code="b">RuMoRGB</subfield>
    <subfield code="c">20061204</subfield>
    <subfield code="2">psbo</subfield>
  </datafield>
  <datafield tag="801" ind1=" " ind2="1">
    <subfield code="a">RU</subfield>
    <subfield code="b">ProSoft-M</subfield>
    <subfield code="c">20061204</subfield>
    <subfield code="2">rusmarc</subfield>
  </datafield>
  <datafield tag="801" ind1=" " ind2="2">
    <subfield code="a">RU</subfield>
    <subfield code="b">NLR</subfield>
    <subfield code="c">20070710</subfield>
    <subfield code="2">rusmarc</subfield>
  </datafield>
  <datafield tag="852" ind1=" " ind2=" ">
    <subfield code="a">NLR</subfield>
    <subfield code="j">18.334.2.468</subfield>
  </datafield>
  <datafield tag="942" ind1=" " ind2=" ">
    <subfield code="c">BOOK</subfield>
  </datafield>
  <datafield tag="980" ind1=" " ind2=" ">
    <subfield code="a">NB</subfield>
  </datafield>
  <datafield tag="995" ind1=" " ind2=" ">
    <subfield code="5">2013-10-26</subfield>
    <subfield code="b">NLR02</subfield>
    <subfield code="c">NLR02</subfield>
    <subfield code="e">RFS</subfield>
    <subfield code="f">5248732-10</subfield>
    <subfield code="k">18.334.2.468</subfield>
    <subfield code="o">0</subfield>
    <subfield code="r">BOOK</subfield>
    <subfield code="s">183342468_</subfield>
  </datafield>
</record>
